<?xml version="1.0" encoding="UTF-8"?>
<record
    xmlns:xsi="http://www.w3.org/2001/XMLSchema-instance"
    xsi:schemaLocation="http://www.loc.gov/MARC21/slim http://www.loc.gov/standards/marcxml/schema/MARC21slim.xsd"
    xmlns="http://www.loc.gov/MARC21/slim">

  <leader>00320nam a22001337a 4500</leader>
  <controlfield tag="003">SGT</controlfield>
  <datafield tag="082" ind1=" " ind2=" ">
    <subfield code="a">615.532</subfield>
    <subfield code="b">E14K</subfield>
  </datafield>
  <datafield tag="100" ind1=" " ind2=" ">
    <subfield code="a">KISHORE, JUGAL</subfield>
  </datafield>
  <datafield tag="245" ind1=" " ind2=" ">
    <subfield code="a">EVOLUTION OF HOMEOPATHIC REPERFORIES AND REPERTORISATION</subfield>
  </datafield>
  <datafield tag="260" ind1=" " ind2=" ">
    <subfield code="a">INDIA</subfield>
    <subfield code="b">B. JAIN PUB</subfield>
    <subfield code="c">2014</subfield>
  </datafield>
  <datafield tag="300" ind1=" " ind2=" ">
    <subfield code="a">430</subfield>
  </datafield>
  <datafield tag="650" ind1=" " ind2=" ">
    <subfield code="a">HOMOEOPATHIC </subfield>
  </datafield>
  <datafield tag="942" ind1=" " ind2=" ">
    <subfield code="2">ddc</subfield>
    <subfield code="c">BK</subfield>
  </datafield>
  <datafield tag="952" ind1=" " ind2=" ">
    <subfield code="0">0</subfield>
    <subfield code="1">0</subfield>
    <subfield code="2">ddc</subfield>
    <subfield code="4">0</subfield>
    <subfield code="7">0</subfield>
    <subfield code="a">FH</subfield>
    <subfield code="b">FH</subfield>
    <subfield code="c">TXT</subfield>
    <subfield code="d">2019-07-30</subfield>
    <subfield code="e">ABC,PUB</subfield>
    <subfield code="g">299.00</subfield>
    <subfield code="i">SGTU</subfield>
    <subfield code="l">0</subfield>
    <subfield code="o">615.532 E14K</subfield>
    <subfield code="p">FH886</subfield>
    <subfield code="r">2019-07-30 00:00:00</subfield>
    <subfield code="w">2016-08-09</subfield>
    <subfield code="y">BK</subfield>
    <subfield code="k">7135</subfield>
  </datafield>
  <datafield tag="952" ind1=" " ind2=" ">
    <subfield code="0">0</subfield>
    <subfield code="1">0</subfield>
    <subfield code="2">ddc</subfield>
    <subfield code="4">0</subfield>
    <subfield code="7">0</subfield>
    <subfield code="a">FH</subfield>
    <subfield code="b">FH</subfield>
    <subfield code="c">TXT</subfield>
    <subfield code="d">2019-07-30</subfield>
    <subfield code="e">ABC,PUB</subfield>
    <subfield code="g">299.00</subfield>
    <subfield code="i">SGTU</subfield>
    <subfield code="l">0</subfield>
    <subfield code="o">615.532 E14K</subfield>
    <subfield code="p">FH887</subfield>
    <subfield code="r">2019-07-30 00:00:00</subfield>
    <subfield code="w">2016-08-09</subfield>
    <subfield code="y">BK</subfield>
    <subfield code="k">7135</subfield>
  </datafield>
  <datafield tag="952" ind1=" " ind2=" ">
    <subfield code="0">0</subfield>
    <subfield code="1">0</subfield>
    <subfield code="2">ddc</subfield>
    <subfield code="4">0</subfield>
    <subfield code="7">0</subfield>
    <subfield code="a">FH</subfield>
    <subfield code="b">FH</subfield>
    <subfield code="c">TXT</subfield>
    <subfield code="d">2019-07-30</subfield>
    <subfield code="e">ABC,PUB</subfield>
    <subfield code="g">299.00</subfield>
    <subfield code="i">SGTU</subfield>
    <subfield code="l">0</subfield>
    <subfield code="o">615.532 E14K</subfield>
    <subfield code="p">FH888</subfield>
    <subfield code="r">2019-07-30 00:00:00</subfield>
    <subfield code="w">2016-08-09</subfield>
    <subfield code="y">BK</subfield>
    <subfield code="k">7135</subfield>
  </datafield>
  <datafield tag="952" ind1=" " ind2=" ">
    <subfield code="0">0</subfield>
    <subfield code="1">0</subfield>
    <subfield code="2">ddc</subfield>
    <subfield code="4">0</subfield>
    <subfield code="7">0</subfield>
    <subfield code="a">FH</subfield>
    <subfield code="b">FH</subfield>
    <subfield code="c">TXT</subfield>
    <subfield code="d">2019-07-30</subfield>
    <subfield code="e">ABC,PUB</subfield>
    <subfield code="g">299.00</subfield>
    <subfield code="i">SGTU</subfield>
    <subfield code="l">0</subfield>
    <subfield code="o">615.532 E14K</subfield>
    <subfield code="p">FH889</subfield>
    <subfield code="r">2019-07-30 00:00:00</subfield>
    <subfield code="w">2016-08-09</subfield>
    <subfield code="y">BK</subfield>
    <subfield code="k">7135</subfield>
  </datafield>
  <datafield tag="952" ind1=" " ind2=" ">
    <subfield code="0">0</subfield>
    <subfield code="1">0</subfield>
    <subfield code="2">ddc</subfield>
    <subfield code="4">0</subfield>
    <subfield code="7">0</subfield>
    <subfield code="a">FH</subfield>
    <subfield code="b">FH</subfield>
    <subfield code="c">TXT</subfield>
    <subfield code="d">2019-07-30</subfield>
    <subfield code="e">ABC,PUB</subfield>
    <subfield code="g">299.00</subfield>
    <subfield code="i">SGTU</subfield>
    <subfield code="l">0</subfield>
    <subfield code="o">615.532 E14K</subfield>
    <subfield code="p">FH890</subfield>
    <subfield code="r">2019-07-30 00:00:00</subfield>
    <subfield code="w">2016-08-09</subfield>
    <subfield code="y">BK</subfield>
    <subfield code="k">7135</subfield>
  </datafield>
  <datafield tag="999" ind1=" " ind2=" ">
    <subfield code="c">18624</subfield>
    <subfield code="d">18624</subfield>
  </datafield>
</record>
